[Event "VIE-chB"]
[Site "Ba Dinh"]
[Date "2018.11.30"]
[Round "4"]
[White "Tu, Hoang Thai"]
[Black "Hoang, Canh Huan"]
[Result "0-1"]
[WhiteElo "2235"]
[BlackElo "2394"]
[PlyCount "52"]
[EventDate "2018.11.28"]
[EventType "swiss"]
[EventRounds "9"]
[EventCountry "VIE"]
[SourceTitle "EXT 2021"]
[Source "ChessBase"]
[SourceDate "2020.10.23"]
[SourceVersion "1"]
[SourceVersionDate "2020.10.23"]
[SourceQuality "1"]

1. e4 c5 2. Nf3 Nc6 3. b3 e6 4. Bb2 a6 5. e5 d5 6. exd6 Nf6 7. Qe2 Bxd6 8. g4 0-0 9. g5 Nh5 10. Nc3 e5 11. 0-0-0 Bf5 12. Ne4 Nf4 13. Qe3 Nd5 14. Qe1 Nd4 15. Nh4 Bg4 16. f3 Bh5 17. Rg1 Re8 18. Qf2 Bf8 19. c3 Ne6 20. Kb1 Ndf4 21. Qe3 b5 22. d4 cxd4 23. cxd4 Qb6 24. Qe1 Rad8 25. Qg3 Nxd4 26. Re1 a5 0-1

[Event "VIE-chB"]
[Site "Ba Dinh"]
[Date "2018.11.29"]
[Round "3"]
[White "Nguyen, Dang Hong Phuc"]
[Black "Tu, Hoang Thai"]
[Result "1/2-1/2"]
[WhiteElo "2376"]
[BlackElo "2235"]
[PlyCount "20"]
[EventDate "2018.11.28"]
[EventType "swiss"]
[EventRounds "9"]
[EventCountry "VIE"]
[SourceTitle "EXT 2021"]
[Source "ChessBase"]
[SourceDate "2020.10.23"]
[SourceVersion "1"]
[SourceVersionDate "2020.10.23"]
[SourceQuality "1"]

1. d4 Nf6 2. c4 e6 3. Nf3 b6 4. a3 Bb7 5. Nc3 Be7 6. g3 0-0 7. Bg2 Ne4 8. Qc2 d5 9. 0-0 Nxc3 10. Qxc3 dxc4 1/2-1/2

[Event "VIE-chT"]
[Site "Ho Chi Minh City"]
[Date "2017.07.24"]
[Round "2.19"]
[White "Tu, Hoang Thai"]
[Black "Vu, Phi Hung"]
[Result "1/2-1/2"]
[WhiteElo "2244"]
[BlackElo "2022"]
[PlyCount "63"]
[EventDate "2017.07.24"]
[EventType "team-swiss"]
[EventRounds "9"]
[EventCountry "VIE"]
[SourceTitle "EXT 2019"]
[Source "ChessBase"]
[SourceDate "2018.10.10"]
[SourceVersion "1"]
[SourceVersionDate "2018.10.10"]
[SourceQuality "1"]

1. d4 d5 2. Nf3 Nf6 3. c4 e6 4. g3 Be7 5. Bg2 0-0 6. 0-0 dxc4 7. Ne5 Nc6 8. Nxc6 bxc6 9. Bxc6 Rb8 10. Nc3 a6 11. a3 Qd6 12. Qa4 Qxd4 13. Rd1 Qb6 14. Be3 Bc5 15. Bxc5 Qxc5 16. Rd2 Rb6 17. Bg2 Rd6 18. Rad1 Bd7 19. Qc2 Bc6 20. Bxc6 Qxc6 21. Qa4 Qxa4 22. Nxa4 Ne4 23. Rxd6 Nxd6 24. Nc5 a5 25. Na6 Rc8 26. Nxc7 Rxc7 27. Rxd6 g6 28. Ra6 Rb7 29. Rxa5 Rxb2 30. Rc5 Ra2 31. Rxc4 Rxa3 32. Kg2 1/2-1/2

[Event "VIE-ch"]
[Site "Bac Giang"]
[Date "2016.06.26"]
[Round "6"]
[White "Doan, Van Duc"]
[Black "Tu, Hoang Thai"]
[Result "0-1"]
[WhiteElo "2142"]
[BlackElo "2235"]
[PlyCount "134"]
[EventDate "2016.06.22"]
[EventType "swiss"]
[EventRounds "9"]
[EventCountry "VIE"]
[SourceTitle "EXT 2017"]
[Source "ChessBase"]
[SourceDate "2016.10.25"]
[SourceVersion "1"]
[SourceVersionDate "2016.10.25"]
[SourceQuality "1"]

1. Nf3 c5 2. c4 Nc6 3. g3 g6 4. Bg2 Bg7 5. 0-0 e6 6. Nc3 Nge7 7. d3 0-0 8. Bd2 d5 9. Qc1 Re8 10. Rb1 b6 11. Bh6 Bh8 12. Bg5 Qd7 13. e4 d4 14. Ne2 Nb4 15. Rd1 f6 16. a3 fxg5 17. axb4 g4 18. Nd2 cxb4 19. e5 Bb7 20. Bxb7 Qxb7 21. Ne4 Bxe5 22. Qg5 Nf5 23. Qxg4 Rad8 24. Re1 Kh8 25. h4 Qg7 26. Kg2 Rd7 27. Rh1 h5 28. Qg5 Rf7 29. Rhe1 Ref8 30. Qd2 a5 31. Ng1 Bb8 32. Nh3 e5 33. b3 Rc7 34. Qe2 Qd7 35. Neg5 Rc6 36. Qe4 Rcf6 37. Kg1 Bd6 38. Qd5 Ne7 39. Qe4 Bc7 40. f4 Qg4 41. fxe5 Qxg3+ 42. Qg2 Qxg2+ 43. Kxg2 Rf5 44. Ne6 Rc8 45. Nxd4 Rxe5 46. Nf3 Rxe1 47. Rxe1 Nf5 48. d4 b5 49. cxb5 Rb8 50. Rc1 Bd6 51. Nhg5 Kg7 52. Rc6 Rxb5 53. Ra6 Nxh4+ 54. Nxh4 Rxg5+ 55. Kf3 Bh2 56. d5 Rg4 57. Ng2 Rg3+ 58. Kf2 Rxb3 59. Rxa5 Kf6 60. Ra6+ Kg5 61. Rb6 h4 62. d6 Bg3+ 63. Ke2 Rb2+ 64. Kd3 Bxd6 65. Nxh4 Kxh4 66. Rxd6 g5 67. Ke3 Kg3 0-1

[Event "VIE-ch"]
[Site "Bac Giang"]
[Date "2016.06.26"]
[Round "7"]
[White "Tu, Hoang Thai"]
[Black "Tran, Quoc Dung"]
[Result "0-1"]
[WhiteElo "2235"]
[BlackElo "2327"]
[PlyCount "52"]
[EventDate "2016.06.22"]
[EventType "swiss"]
[EventRounds "9"]
[EventCountry "VIE"]
[SourceTitle "EXT 2017"]
[Source "ChessBase"]
[SourceDate "2016.10.25"]
[SourceVersion "1"]
[SourceVersionDate "2016.10.25"]
[SourceQuality "1"]

1. e4 c5 2. b3 Nc6 3. Bb2 d6 4. Nf3 e5 5. Bc4 a6 6. c3 Nf6 7. Ng5 d5 8. exd5 Na5 9. d4 cxd4 10. 0-0 b5 11. Be2 h6 12. Nf3 Bd6 13. a4 Rb8 14. axb5 axb5 15. b4 Nc4 16. Bxc4 bxc4 17. Nxe5 Bxe5 18. Qe2 Qe7 19. Re1 Ng4 20. h3 d3 21. Qf1 Nh2 22. Rxe5 Qxe5 23. Qd1 0-0 24. Nd2 Qf4 25. Bc1 Re8 26. Nf1 Qe5 0-1

[Event "VIE-ch"]
[Site "Bac Giang"]
[Date "2016.06.24"]
[Round "5"]
[White "Tu, Hoang Thai"]
[Black "Nguyen, Tri Thien"]
[Result "1-0"]
[WhiteElo "2235"]
[BlackElo "1809"]
[PlyCount "69"]
[EventDate "2016.06.22"]
[EventType "swiss"]
[EventRounds "9"]
[EventCountry "VIE"]
[SourceTitle "EXT 2017"]
[Source "ChessBase"]
[SourceDate "2016.10.25"]
[SourceVersion "1"]
[SourceVersionDate "2016.10.25"]
[SourceQuality "1"]

1. d4 d5 2. Nf3 Nf6 3. c4 c6 4. Qc2 g6 5. cxd5 cxd5 6. Bf4 Nc6 7. e3 Bg7 8. Nc3 0-0 9. Be2 Bf5 10. Qb3 Na5 11. Qb4 a6 12. 0-0 Nh5 13. Bg5 f6 14. Bh4 g5 15. Nd2 Bg6 16. Bxh5 Bxh5 17. Bg3 b5 18. Nxd5 Qxd5 19. Qxa5 f5 20. f4 gxf4 21. Bxf4 Rf6 22. Rac1 Raf8 23. Qa3 Rg6 24. Rf2 Kh8 25. Qxe7 Qxa2 26. Be5 Rg8 27. Nf1 Re6 28. Bxg7+ Rxg7 29. Qf8+ Rg8 30. Qxf5 Bg6 31. Qc5 Be4 32. Ng3 Bd5 33. Re1 Qa5 34. b4 Qa3 35. Qxd5 1-0

[Event "VIE-ch"]
[Site "Vietnam"]
[Date "2016.05.03"]
[Round "9"]
[White "Nguyen, Hoang Nam"]
[Black "Tu, Hoang Thai"]
[Result "1/2-1/2"]
[WhiteElo "2257"]
[BlackElo "2244"]
[PlyCount "80"]
[EventDate "2016.04.27"]
[EventType "swiss"]
[EventRounds "9"]
[EventCountry "VIE"]
[SourceTitle "CBM 172 Extra"]
[Source "ChessBase"]
[SourceDate "2016.06.21"]
[SourceVersion "1"]
[SourceVersionDate "2016.06.21"]
[SourceQuality "1"]

1. Nf3 d6 2. c4 e5 3. Nc3 Nc6 4. g3 Bg4 5. Bg2 Qd7 6. h3 Be6 7. Nd5 h6 8. d4 e4 9. Nd2 f5 10. g4 Nxd4 11. Nxe4 Nc6 12. gxf5 Bxf5 13. Bf4 Rc8 14. Qd2 Qe6 15. Ng3 g5 16. Nxf5 Qxf5 17. h4 g4 18. Qe3+ Nge7 19. h5 Bg7 20. Be4 Qd7 21. Rd1 0-0 22. Bxh6 Nf5 23. Bxf5 Qxf5 24. Bxg7 Kxg7 25. h6+ Kh8 26. Qg3 Rce8 27. Nxc7 Rxe2+ 28. Kxe2 Qc2+ 29. Kf1 Qxd1+ 30. Kg2 Qd4 31. Qe3 Qxb2 32. Rd1 g3 33. Rd2 gxf2 34. Rxf2 Rg8+ 35. Kh2 Qa1 36. Qf3 Qg1+ 37. Kh3 Ne5 38. Qf6+ Kh7 39. Qe7+ Kh8 40. Qf6+ Kh7 1/2-1/2

[Event "VIE-ch"]
[Site "Vietnam"]
[Date "2016.04.28"]
[Round "3"]
[White "Le, Huu Thai"]
[Black "Tu, Hoang Thai"]
[Result "1/2-1/2"]
[WhiteElo "2122"]
[BlackElo "2244"]
[PlyCount "110"]
[EventDate "2016.04.27"]
[EventType "swiss"]
[EventRounds "9"]
[EventCountry "VIE"]
[SourceTitle "CBM 172 Extra"]
[Source "ChessBase"]
[SourceDate "2016.06.21"]
[SourceVersion "1"]
[SourceVersionDate "2016.06.21"]
[SourceQuality "1"]

1. d4 Nf6 2. Nf3 e6 3. Bf4 c5 4. e3 Qb6 5. Qc1 Nc6 6. c3 Nh5 7. Bg3 d5 8. Bd3 Be7 9. Qc2 Nxg3 10. hxg3 h6 11. Nbd2 Bf6 12. dxc5 Qxc5 13. e4 Bd7 14. 0-0 0-0 15. Rfd1 Rac8 16. Nb3 Qb6 17. Qe2 dxe4 18. Qxe4 g6 19. Bc2 Rcd8 20. Nfd2 Qc7 21. Qe3 Bg7 22. Nf3 b6 23. Rd2 Bc8 24. Nbd4 Na5 25. b3 a6 26. Rad1 e5 27. Ne2 Nc6 28. Be4 Ne7 29. Rxd8 Rxd8 30. Rxd8+ Qxd8 31. Bc2 Qc7 32. Qd2 b5 33. Kf1 Be6 34. Ne1 Kf8 35. Bd1 Ke8 36. Nc2 Qd7 37. Ke1 Qxd2+ 38. Kxd2 Kd7 39. Ne3 Kc6 40. Bc2 f5 41. Bd3 Kc5 42. Bc2 h5 43. b4+ Kd6 44. Bb3 Bh6 45. Kd3 f4 46. gxf4 exf4 47. Bxe6 fxe3 48. Bf7 exf2 49. Ng3 Ke5 50. c4 Kf6 51. cxb5 Nf5 52. Nf1 axb5 53. Be8 Ne3 54. Nxe3 Bxe3 55. Ke2 Bd2 1/2-1/2

[Event "Ho Chi Minh City HD Bank op-A 6th"]
[Site "Ho Chi Minh City"]
[Date "2016.03.10"]
[Round "4"]
[White "Tran, Le Dan Thuy"]
[Black "Tu, Hoang Thai"]
[Result "0-1"]
[WhiteElo "2044"]
[BlackElo "2244"]
[PlyCount "58"]
[EventDate "2016.03.08"]
[EventType "swiss"]
[EventRounds "9"]
[EventCountry "VIE"]
[SourceTitle "CBM 171 Extra"]
[Source "ChessBase"]
[SourceDate "2016.04.26"]
[SourceVersion "1"]
[SourceVersionDate "2016.04.26"]
[SourceQuality "1"]

1. Nf3 c5 2. e4 Nc6 3. d4 cxd4 4. Nxd4 Nf6 5. Nc3 e5 6. Ndb5 d6 7. Bg5 a6 8. Na3 Be6 9. Qd2 Rc8 10. f3 Be7 11. Nc4 Nd4 12. Ne3 Nxe4 13. Bxe7 Nxd2 14. Bxd8 Nxf1 15. Kxf1 Kxd8 16. Kf2 f5 17. Rac1 Rc5 18. Rhd1 Ke7 19. Nf1 Rhc8 20. Nd2 b5 21. Nb3 Nxb3 22. cxb3 b4 23. Ne2 Rc2 24. Rb1 Bd7 25. Ke1 Bb5 26. Ng3 Rxg2 27. Nxf5+ Ke6 28. Nxd6 Rcc2 29. Nxb5 Rg1# 0-1

[Event "Ho Chi Minh City HD Bank op-A 6th"]
[Site "Ho Chi Minh City"]
[Date "2016.03.08"]
[Round "1"]
[White "Tu, Hoang Thai"]
[Black "Le, Tuan Minh"]
[Result "0-1"]
[WhiteElo "2244"]
[BlackElo "2444"]
[PlyCount "68"]
[EventDate "2016.03.08"]
[EventType "swiss"]
[EventRounds "9"]
[EventCountry "VIE"]
[SourceTitle "CBM 171 Extra"]
[Source "ChessBase"]
[SourceDate "2016.04.26"]
[SourceVersion "1"]
[SourceVersionDate "2016.04.26"]
[SourceQuality "1"]

1. b3 c5 2. Bb2 Nc6 3. f4 Nf6 4. Nf3 g6 5. g3 Bg7 6. Bg2 0-0 7. 0-0 d6 8. e3 Bd7 9. Qe2 Qc8 10. Re1 Rb8 11. d3 b5 12. Nbd2 Re8 13. Rac1 a5 14. Qf1 a4 15. a3 b4 16. bxa4 Qa6 17. Nb3 bxa3 18. Bxa3 Qxa4 19. Ra1 Nb4 20. Bxb4 Qxb4 21. Nfd2 Qc3 22. Ra2 Be6 23. Rb1 d5 24. Qe2 c4 25. dxc4 dxc4 26. Nd4 Qxd2 27. Qxd2 Rxb1+ 28. Kf2 c3 29. Qxc3 Bxa2 30. Qa5 Ng4+ 31. Kf3 Nxh2+ 32. Kf2 Bxd4 33. exd4 Ng4+ 34. Kf3 Be6 0-1

[Event "VIE-chT"]
[Site "Ho Chi Minh City"]
[Date "2015.07.17"]
[Round "2.17"]
[White "Vu, Phi Hung"]
[Black "Tu, Hoang Thai"]
[Result "1-0"]
[WhiteElo "2051"]
[BlackElo "2244"]
[PlyCount "69"]
[EventDate "2015.07.16"]
[EventType "team-swiss"]
[EventRounds "9"]
[EventCountry "VIE"]
[SourceTitle "EXT 2016"]
[Source "ChessBase"]
[SourceDate "2015.10.08"]
[SourceVersion "1"]
[SourceVersionDate "2015.10.08"]
[SourceQuality "1"]

1. e4 c5 2. c3 d5 3. exd5 Qxd5 4. d4 Nf6 5. Nf3 e6 6. Be2 Be7 7. 0-0 0-0 8. Be3 cxd4 9. cxd4 Nc6 10. Nc3 Qd8 11. a3 b6 12. Ne5 Bb7 13. Bf3 Rc8 14. Qa4 Nd5 15. Nxd5 exd5 16. Rac1 Nxe5 17. dxe5 Rxc1 18. Rxc1 a6 19. Rd1 b5 20. Qb3 Qc7 21. Bxd5 Bxd5 22. Rxd5 Rc8 23. g3 Kf8 24. Qd3 g6 25. Qd4 Qc4 26. Kg2 Qxd4 27. Bxd4 Rc2 28. h4 b4 29. axb4 Bxb4 30. Kf3 Ke7 31. Ke4 Rc8 32. Be3 Rc2 33. b3 h5 34. Rd4 Be1 35. Bg5+ 1-0

[Event "Ho Chi Minh City HD Bank op 5th"]
[Site "Ho Chi Minh City"]
[Date "2015.03.20"]
[Round "6"]
[White "Tu, Hoang Thai"]
[Black "Vo Dai Hoai, Duc"]
[Result "0-1"]
[WhiteElo "2249"]
[BlackElo "2195"]
[PlyCount "99"]
[EventDate "2015.03.17"]
[EventType "swiss"]
[EventRounds "9"]
[EventCountry "VIE"]
[SourceTitle "CBM 165 Extra"]
[Source "ChessBase"]
[SourceDate "2015.04.21"]
[SourceVersion "1"]
[SourceVersionDate "2015.04.21"]
[SourceQuality "1"]

1. e4 c5 2. b3 e6 3. Bb2 a6 4. Nf3 Nc6 5. Qe2 Nf6 6. e5 Nd5 7. a3 f5 8. exf6 Nxf6 9. g3 Bd6 10. Bg2 0-0 11. 0-0 Bc7 12. d4 cxd4 13. Nxd4 Nxd4 14. Bxd4 Re8 15. Bb2 Rb8 16. Nc3 d5 17. Rad1 Bd7 18. Rfe1 b5 19. Qd2 Bc6 20. h3 Qe7 21. f4 Bd6 22. Kh2 b4 23. axb4 Bxb4 24. Qd4 Bc5 25. Qe5 Bd6 26. Qg5 Qf7 27. Ne2 Be7 28. Qe5 Ne4 29. Bxe4 dxe4 30. Qc3 Rec8 31. Qe3 Bb4 32. Bc3 a5 33. Bxb4 axb4 34. Nd4 Bd5 35. Rd2 Rc3 36. Qf2 Rbc8 37. Re3 Rxe3 38. Qxe3 Rc3 39. Qe1 Qb7 40. Ne2 e3 41. Nxc3 exd2 42. Qxd2 bxc3 43. Qxc3 Qa6 44. g4 Qe2+ 45. Kg3 Qg2+ 46. Kh4 Qf2+ 47. Kh5 Qxf4 48. Qc8+ Qf8 49. Qxf8+ Kxf8 50. Kg5 0-1

[Event "Ho Chi Minh City HD Bank op 5th"]
[Site "Ho Chi Minh City"]
[Date "2015.03.19"]
[Round "4"]
[White "Tu, Hoang Thai"]
[Black "Wynn, Zaw Htung"]
[Result "1/2-1/2"]
[WhiteElo "2249"]
[BlackElo "2382"]
[PlyCount "75"]
[EventDate "2015.03.17"]
[EventType "swiss"]
[EventRounds "9"]
[EventCountry "VIE"]
[SourceTitle "CBM 165 Extra"]
[Source "ChessBase"]
[SourceDate "2015.04.21"]
[SourceVersion "1"]
[SourceVersionDate "2015.04.21"]
[SourceQuality "1"]

1. e4 c5 2. b3 d6 3. Bb2 e5 4. g3 Nf6 5. Bg2 Nc6 6. Ne2 Be7 7. 0-0 0-0 8. f4 Re8 9. Nbc3 Nd4 10. d3 Rb8 11. h3 b5 12. Qd2 Bf8 13. g4 b4 14. Nd1 g6 15. Ng3 Nd7 16. g5 exf4 17. Qxf4 Ne5 18. Ne3 Bg7 19. Bxd4 cxd4 20. Nd5 Be6 21. Rf2 Nd7 22. Nf6+ Nxf6 23. gxf6 Bf8 24. Kh2 Rb5 25. Rg1 Qc8 26. Nf5 Qc5 27. Kh1 Kh8 28. Qh4 Qe5 29. Bf3 Rc5 30. Bh5 Rec8 31. Rxg6 fxg6 32. Bxg6 R5c7 33. Ne7 h6 34. Rf5 Bxf5 35. Bxf5 Rxe7 36. fxe7 Qxe7 37. Qxe7 Bxe7 38. Bxc8 1/2-1/2

[Event "Ho Chi Minh City HD Bank op 5th"]
[Site "Ho Chi Minh City"]
[Date "2015.03.18"]
[Round "3"]
[White "Cho, Seongho"]
[Black "Tu, Hoang Thai"]
[Result "0-1"]
[WhiteElo "2036"]
[BlackElo "2249"]
[PlyCount "47"]
[EventDate "2015.03.17"]
[EventType "swiss"]
[EventRounds "9"]
[EventCountry "VIE"]
[SourceTitle "CBM 165 Extra"]
[Source "ChessBase"]
[SourceDate "2015.04.21"]
[SourceVersion "1"]
[SourceVersionDate "2015.04.21"]
[SourceQuality "1"]

1. d4 c5 2. d5 f5 3. g3 Nf6 4. Bg2 g6 5. Nf3 d6 6. 0-0 Bg7 7. c4 0-0 8. Nc3 Na6 9. a3 Bd7 10. Nd2 Nc7 11. a4 a6 12. a5 Rb8 13. Qc2 b5 14. Ra2 Qc8 15. b3 g5 16. e3 h6 17. Ne2 Qe8 18. f4 bxc4 19. bxc4 e6 20. dxe6 Qxe6 21. Qd3 Rfe8 22. Nb1 Ng4 23. fxg5 hxg5 24. Rf3 0-1

[Event "Ho Chi Minh City HD Bank op 5th"]
[Site "Ho Chi Minh City"]
[Date "2015.03.18"]
[Round "2"]
[White "Tu, Hoang Thai"]
[Black "Nguyen, Phuoc Tam"]
[Result "1/2-1/2"]
[WhiteElo "2249"]
[BlackElo "2059"]
[PlyCount "81"]
[EventDate "2015.03.17"]
[EventType "swiss"]
[EventRounds "9"]
[EventCountry "VIE"]
[SourceTitle "CBM 165 Extra"]
[Source "ChessBase"]
[SourceDate "2015.04.21"]
[SourceVersion "1"]
[SourceVersionDate "2015.04.21"]
[SourceQuality "1"]

1. d4 f5 2. Bf4 Nf6 3. e3 d5 4. c4 e6 5. Nc3 c6 6. Nf3 Qa5 7. Bd3 Nbd7 8. 0-0 dxc4 9. Bxc4 Nb6 10. Bc7 Qb4 11. Bb3 Nbd5 12. Be5 Be7 13. Qc2 Qa5 14. Nd2 0-0 15. Rae1 Bd7 16. e4 Nxc3 17. bxc3 Kh8 18. Nc4 Qa6 19. exf5 exf5 20. Bg3 Nd5 21. Ne5 Be8 22. Nd3 Qa3 23. Be5 Bf7 24. c4 Nb4 25. Nxb4 Qxb4 26. Rb1 f4 27. Ba4 Qxc4 28. Rxb7 Qxc2 29. Bxc2 Bf6 30. Bxf6 gxf6 31. a3 Rad8 32. Rd1 f3 33. gxf3 Rg8+ 34. Kh1 Rg7 35. Rg1 Bg6 36. Rxg7 Kxg7 37. Be4 Rxd4 38. Bxc6 Rd3 39. a4 Rc3 40. Bd5 Ra3 41. Bc6 1/2-1/2

[Event "VIE-ch Resolution 7th"]
[Site "Bac Giang"]
[Date "2014.12.12"]
[Round "7"]
[White "Nguyen, Ha Phuong"]
[Black "Tu, Hoang Thai"]
[Result "1/2-1/2"]
[WhiteElo "2047"]
[BlackElo "2249"]
[PlyCount "37"]
[EventDate "2014.12.05"]
[EventType "swiss"]
[EventRounds "9"]
[EventCountry "VIE"]
[SourceTitle "EXT 2019"]
[Source "ChessBase"]
[SourceDate "2018.10.10"]
[SourceVersion "1"]
[SourceVersionDate "2018.10.10"]
[SourceQuality "1"]

1. d4 Nf6 2. c4 e6 3. Nf3 Bb4+ 4. Bd2 a5 5. e3 0-0 6. Bd3 Nc6 7. a3 Bxd2+ 8. Qxd2 d6 9. Nc3 e5 10. d5 Ne7 11. Qc2 c6 12. dxc6 bxc6 13. c5 Bg4 14. cxd6 Qxd6 15. Ng5 h6 16. Nge4 Nxe4 17. Nxe4 Qg6 18. Ng3 Qd6 19. Ne4 1/2-1/2

[Event "VIE-ch"]
[Site "Da Lat"]
[Date "2014.04.02"]
[Round "11"]
[White "Doan, Van Duc"]
[Black "Tu, Hoang Thai"]
[Result "0-1"]
[WhiteElo "2124"]
[BlackElo "2250"]
[PlyCount "138"]
[EventDate "2014.03.26"]
[EventType "swiss"]
[EventRounds "11"]
[EventCountry "VIE"]
[SourceTitle "CBM 159 Extra"]
[Source "ChessBase"]
[SourceDate "2014.04.24"]
[SourceVersion "1"]
[SourceVersionDate "2014.04.24"]
[SourceQuality "1"]

1. Nf3 c5 2. c4 Nc6 3. g3 e5 4. Nc3 d6 5. Bg2 Be6 6. d3 Qd7 7. h3 h6 8. a3 Nf6 9. e4 Be7 10. Be3 0-0 11. Nd2 Nh7 12. g4 a6 13. Nf1 b5 14. Nd5 Bd8 15. Ng3 Ba5+ 16. Kf1 bxc4 17. dxc4 Bxd5 18. exd5 Nd4 19. Bxd4 exd4 20. Be4 Nf6 21. Bc2 Qb7 22. b3 Rfe8 23. Kg2 Re5 24. Qf3 Qd7 25. Nf5 Nh7 26. h4 g6 27. Nxh6+ Kg7 28. g5 Nxg5 29. Qg4 Qe7 30. Bd3 Ne4 31. Bxe4 Kxh6 32. Bd3 Kg7 33. Rh3 Rh8 34. Rah1 Reh5 35. Qf4 Bd8 36. Qg3 a5 37. Kf1 Qd7 38. a4 Bf6 39. Kg2 Qe7 40. Kf1 Rxh4 41. Rxh4 Rxh4 42. Rg1 Be5 43. Qg2 Rh6 44. Qe4 Qf6 45. Ke2 Qf4 46. Qxf4 Bxf4 47. Rg4 Bc1 48. Rg1 Bf4 49. Rg4 Be5 50. Rg1 Rh5 51. Rg2 f5 52. Rg1 Kf6 53. Rg2 g5 54. f3 Rh1 55. Bc2 Bf4 56. Kd3 Ke5 57. Re2+ Be3 58. Rg2 Kf4 59. Ke2 Rc1 60. Bd1 d3+ 61. Ke1 Rxd1+ 62. Kxd1 Kxf3 63. Rh2 g4 64. Rh5 g3 65. Rxf5+ Bf4 66. Rf6 g2 67. Rg6 Bg3 68. Rf6+ Ke4 69. Re6+ Kd4 0-1

[Event "VIE-ch"]
[Site "Da Lat"]
[Date "2014.03.30"]
[Round "7"]
[White "Nguyen, Van Hai"]
[Black "Tu, Hoang Thai"]
[Result "1-0"]
[WhiteElo "2341"]
[BlackElo "2250"]
[PlyCount "139"]
[EventDate "2014.03.26"]
[EventType "swiss"]
[EventRounds "11"]
[EventCountry "VIE"]
[SourceTitle "CBM 159 Extra"]
[Source "ChessBase"]
[SourceDate "2014.04.24"]
[SourceVersion "1"]
[SourceVersionDate "2014.04.24"]
[SourceQuality "1"]

1. e4 c5 2. Nf3 a6 3. c4 d6 4. d4 Bg4 5. d5 g6 6. h3 Bxf3 7. Qxf3 Bg7 8. Nc3 Nd7 9. Bd2 Ngf6 10. Qd1 0-0 11. Be2 Re8 12. 0-0 e6 13. dxe6 Rxe6 14. Qc2 Qe8 15. Bd3 Ne5 16. Rae1 Rb8 17. a4 Nc6 18. f4 Nb4 19. Qb1 Nh5 20. Kh2 Bxc3 21. Bxc3 Qxa4 22. f5 Re5 23. Be2 Ng7 24. Bxe5 dxe5 25. Qc1 Qc6 26. f6 Ne8 27. Qg5 Nc2 28. Qxe5 Qc7 29. Qxc7 Nxc7 30. Rc1 Nd4 31. Bf3 Re8 32. e5 b6 33. Rfe1 a5 34. Rc3 Rd8 35. Kg1 Kf8 36. Kf2 Re8 37. g4 h6 38. h4 Nce6 39. Kg3 Rd8 40. Rd1 Nc7 41. Rcd3 Ke8 42. R3d2 Nce6 43. Bd5 Nc7 44. Bf3 Nce6 45. Kf2 Nc7 46. Ke3 Na6 47. Bd5 Nb4 48. Ke4 Kf8 49. Rxd4 cxd4 50. Rxd4 Na6 51. Bc6 Rc8 52. Bb5 Nc5+ 53. Ke3 Rb8 54. Rd6 Ne6 55. Ke4 Nc5+ 56. Kd4 Kg8 57. Bc6 Ne6+ 58. Kc3 Nc5 59. Bd5 Re8 60. h5 gxh5 61. gxh5 Rxe5 62. Rd8+ Kh7 63. Bxf7 Rg5 64. Kd4 Rxh5 65. Bxh5 Ne6+ 66. Ke5 Nxd8 67. Kd6 Kg8 68. Kd7 Nf7 69. Ke7 Ne5 70. f7+ 1-0

[Event "VIE-ch"]
[Site "Da Lat"]
[Date "2014.03.28"]
[Round "4"]
[White "Tu, Hoang Thai"]
[Black "Hoang, Canh Huan"]
[Result "0-1"]
[WhiteElo "2250"]
[BlackElo "2321"]
[PlyCount "100"]
[EventDate "2014.03.26"]
[EventType "swiss"]
[EventRounds "11"]
[EventCountry "VIE"]
[SourceTitle "CBM 159 Extra"]
[Source "ChessBase"]
[SourceDate "2014.04.24"]
[SourceVersion "1"]
[SourceVersionDate "2014.04.24"]
[SourceQuality "1"]

1. d4 g6 2. e4 Bg7 3. h4 d5 4. e5 c5 5. c3 h5 6. Nf3 Nc6 7. Be3 Bg4 8. Qb3 Qd7 9. Nbd2 c4 10. Qa3 e6 11. b3 b5 12. bxc4 bxc4 13. Ng5 Nh6 14. f3 Bf5 15. Be2 Rb8 16. Qc1 Qb7 17. Nf1 Bf8 18. Bd2 Qa6 19. a4 Na5 20. Qd1 Rb2 21. Bc1 Rc2 22. g4 Bd3 23. Bxd3 cxd3 24. Rh2 Nb3 25. Rb1 Nxc1 26. Rxc2 dxc2 27. Qxc2 Nd3+ 28. Kd2 Nf2 29. Ke1 Nd3+ 30. Kd2 Nf2 31. Ke1 hxg4 32. Rb8+ Kd7 33. Qxf2 Kc7 34. Rb5 gxf3 35. c4 Qxa4 36. Qb2 Ba3 37. Rb7+ Kc6 38. cxd5+ exd5 39. Qb3 Qa6 40. Nxf3 Qxb7 41. Qxa3 Nf5 42. N1d2 Kc7 43. Nb3 Kb8 44. Nc5 Qb1+ 45. Kd2 Ka8 46. Qa4 Qb2+ 47. Kd3 Qb1+ 48. Kd2 Qb6 49. Kd3 Rb8 50. Nd2 Qb5+ 0-1

[Event "VIE-ch"]
[Site "Da Lat"]
[Date "2014.03.26"]
[Round "1"]
[White "Dao, Thien Hai"]
[Black "Tu, Hoang Thai"]
[Result "1-0"]
[WhiteElo "2508"]
[BlackElo "2250"]
[PlyCount "63"]
[EventDate "2014.03.26"]
[EventType "swiss"]
[EventRounds "11"]
[EventCountry "VIE"]
[SourceTitle "CBM 159 Extra"]
[Source "ChessBase"]
[SourceDate "2014.04.24"]
[SourceVersion "1"]
[SourceVersionDate "2014.04.24"]
[SourceQuality "1"]

1. d4 g6 2. c4 Bg7 3. e4 d6 4. Nc3 e5 5. d5 f5 6. exf5 Bxf5 7. Nge2 Nf6 8. Ng3 Nbd7 9. Be2 Qe7 10. Nxf5 gxf5 11. Qc2 e4 12. Bg5 0-0 13. 0-0 a6 14. f3 Qe5 15. Rad1 f4 16. Bh4 e3 17. Bd3 Qh5 18. Be1 Rae8 19. Ne2 Bh6 20. Bf5 Bg5 21. Rd4 Qh6 22. g3 fxg3 23. hxg3 Ne5 24. Kg2 c5 25. dxc6 Nxc6 26. f4 Nxd4 27. Nxd4 Nh5 28. fxg5 Qxg5 29. Ne6 e2 30. Rf3 Rxf5 31. Nxg5 Rxg5 32. Rf5 1-0

[Event "Ho Chi Minh City HD Bank op 4th"]
[Site "Ho Chi Minh City"]
[Date "2014.03.13"]
[Round "6"]
[White "Kashlinskaya, Alina"]
[Black "Tu, Hoang Thai"]
[Result "1/2-1/2"]
[WhiteElo "2440"]
[BlackElo "2250"]
[PlyCount "113"]
[EventDate "2014.03.10"]
[EventType "swiss"]
[EventRounds "9"]
[EventCountry "VIE"]
[SourceTitle "CBM 159 Extra"]
[Source "ChessBase"]
[SourceDate "2014.04.24"]
[SourceVersion "1"]
[SourceVersionDate "2014.04.24"]
[SourceQuality "1"]

1. d4 Nf6 2. Nf3 d6 3. Nc3 d5 4. Qd3 b6 5. e4 dxe4 6. Nxe4 Bb7 7. Nxf6+ exf6 8. Be2 Bd6 9. 0-0 0-0 10. Be3 Re8 11. Rad1 Nc6 12. c4 Bf8 13. Qd2 Qd7 14. d5 Ne7 15. Nd4 Ng6 16. Qc2 a6 17. Bd3 Qg4 18. Bf5 Qh5 19. Bc1 Bc8 20. Rfe1 Bxf5 21. Qxf5 Qxf5 22. Nxf5 Rxe1+ 23. Rxe1 Ne5 24. b3 b5 25. Bf4 Nd3 26. Re4 g6 27. Ne3 Rc8 28. Rd4 Nxf4 29. Rxf4 f5 30. cxb5 axb5 31. a4 bxa4 32. bxa4 Rb8 33. g3 Rb1+ 34. Kg2 Ra1 35. Rc4 Bd6 36. Nc2 Ra2 37. Nd4 Kg7 38. Nc6 Kf8 39. a5 g5 40. Kf3 Ra3+ 41. Ke2 f4 42. Kd2 f5 43. Kc2 fxg3 44. hxg3 Ke8 45. Kb2 Kd7 46. a6 Kc8 47. a7 Kb7 48. g4 fxg4 49. Re4 h5 50. Re8 Rxa7 51. Nxa7 Kxa7 52. Rg8 Bf4 53. Kc2 h4 54. Kd3 g3 55. fxg3 hxg3 56. Ke2 Kb6 57. Rf8 1/2-1/2